Lyrics to 'Hate That I Still Love You' by Mark Ambor - Statistics

General Stats
  • This quiz has been taken 13 times
  • The average score is 280 of 302
Answer Stats
Answer % Correct
a
100%
about
100%
And
100%
and
100%
Are
100%
are
100%
ashamed
100%
ashes
100%
ask
100%
asked
100%
at
100%
bedroom
100%
been
100%
call
100%
can't
100%
car
100%
change
100%
chest
100%
coffee
100%
counter
100%
desert
100%
down
100%
escape
100%
Escape
100%
feel
100%
Feeling
100%
From
100%
guilty
100%
had
100%
hate
100%
here
100%
here's
100%
how
100%
I
100%
in
100%
it
100%
just
100%
killed
100%
laying
100%
left
100%
little
100%
love
100%
made
100%
me
100%
memories
100%
messes
100%
million
100%
mom
100%
moon
100%
my
100%
next
100%
not
100%
Oh
100%
oh
100%
on
100%
same
100%
say
100%
she
100%
so
100%
staring
100%
stars
100%
still
100%
strange
100%
that
100%
That
100%
the
100%
there
100%
There's
100%
those
100%
to
100%
To
100%
tray
100%
Under
100%
up
100%
we
100%
words
100%
yeah
100%
You
100%
you
100%
you're
100%
you've
100%
away
67%
Cause
67%
get
67%
head
67%
It's
67%
kinda
67%
let
67%
makes
67%
messing
67%
mmm
67%
sick
67%
talking
67%
with
67%
again
33%
All
33%
alone
33%
breezes
33%
but
33%
Dreams
33%
good
33%
happy
33%
hold
33%
Hope
33%
I'm
33%
know
33%
like
33%
lonely
33%
Midnight
33%
out
33%
parts
33%
somewhere
33%
they
33%
tryna
33%
No matching quizzes found
Score Distribution
Percent of People with Each Score
Percentile by Number Answered
Your Score History
You have not taken this quiz